Szczegóły MARC21

Nad Niemnem /

Powrót do opisu
005 -DATA I CZAS OSTATNIEJ MODYFIKACJI [,]
    • @
    • pole kontrolne
    • 20251107203210.0
040 -Instytucja sporządzająca opis [ , ]
    • a
    • Instytucja, która sporządziła opis (NP)
    • WIE_1
    • c
    • Instytucja, która sporządziła rekord (NP)
    • WIE_1
041 -Język dokumentu [1, ]
    • h
    • Język tekstu oryginalnego i/lub pośredniego (P)
    • polski
942 -Rodzaj dokumentu [ , ]
    • c
    • Rodzaj dokumentu
    • Książka
020 -Międzynarodowy znormalizowany numer książki - ISBN [ , ]
    • a
    • Numer ISBN
    • 8373272313 Find
020 -Międzynarodowy znormalizowany numer książki - ISBN [ , ]
    • a
    • Numer ISBN
    • 8373278680 Find
020 -Międzynarodowy znormalizowany numer książki - ISBN [ , ]
    • a
    • Numer ISBN
    • 9788373272316 Find
100 -Hasło główne - nazwa osobowa [1, ]
    • a
    • Nazwa osobowa (NP)
    • Orzeszkowa, Eliza Find
    • d
    • Daty biograficzne (NP)
    • (1841-1910)
245 -Strefa tytułu i oznaczenia odpowiedzialności [1,0]
    • a
    • Tytuł
    • Nad Niemnem / Find
    • c
    • Pozostałe elementy strefy tytułu i oznaczenia odpowiedzialności (NP)
    • Eliza Orzeszkowa ; [opracowała Anna Popławska ; ilustracje Lucjan Ławnicki]
260 -Strefa adresu wydawniczego [ , ]
    • a
    • Miejsce wydania (P)
    • Kraków :
    • b
    • Nazwa wydawcy (P)
    • GREG,
    • c
    • Data wydania (P)
    • [2019]
700 -Hasło dodatkowe - nazwa osobowa [1, ]
    • a
    • Nazwa osobowa (NP)
    • Popławska, Anna Find
    • e
    • Określenie rodzaju współpracy (NP)
    • Opracowanie
700 -Hasło dodatkowe - nazwa osobowa [1, ]
    • a
    • Nazwa osobowa (NP)
    • Ławnicki, Lucjan Find
    • d
    • Daty biograficzne (NP)
    • (1966- )
    • e
    • Określenie rodzaju współpracy (NP)
    • Ilustracje
920 -ISBN [ , ]
    • a
    • ISBN
    • 83-7327-231-3 Find
920 -ISBN [ , ]
    • a
    • ISBN
    • 83-7327-868-0 Find
920 -ISBN [ , ]
    • a
    • ISBN
    • 978-83-7327-231-6 Find
300 -Strefa opisu fizycznego [ , ]
    • a
    • Określenie formy książki i/lub objętość (NP)
    • 399, [1] strona :
    • b
    • Oznaczenie ilustracji (NP)
    • ilustracje ;
    • c
    • Format (NP)
    • 21 cm
710 -Hasło dodatkowe - nazwa ciała zbiorowego [2, ]
    • a
    • Nazwa ciała zbiorowego lub nazwa geograficzna jako pierwszy element (NP)
    • Wydawnictwo Greg
080 -Uniwersalna Klasyfikacja Dziesiętna [ , ]
    • a
    • Symbol klasyfikacji
    • IV P
600 -Hasło przedmiotowe w formie nazwy osobowej [1,8]
    • a
    • Nazwa osobowa
    • Orzeszkowa, Eliza
    • d
    • Daty związane z nazwą
    • (1841-1910).
650 -Hasło przedmiotowe [ ,4]
    • a
    • Hasło przedmiotowe
    • Literatura młodzieżowa polska
650 -Hasło przedmiotowe [ ,4]
    • a
    • Hasło przedmiotowe
    • Powieść młodzieżowa polska
Status udost. Sygnatura Numer inwentarzowy Kierowanie
-3W.1W.1W